00762nam a2200241 a 4500001001000000005001700010008004100027041000800068044000700076050002200083100002500105245008900130260003300219300002800252440004200280500000800322650001800330650002500348902000800373942001100381999001500392952011300407BRCA_590720190320205247.0180311s1908----gw-a######---#000-0#ger-# ager agw 4aNK7485b.B63 19081 aBock, Hermann91493910aDie UhrbGrundlagen und Technik der Zeitmessungcvon Reg. Bauführer a. D. H. Bock. aLeipzigbB. G. Teubnerc1908 aiv, 136 p.bil.c19 cm. 0aAus Natur und Geistesweltv216914940 aG5914aRelojes9222714aCronometría913408 aGFM 2lcccB c5596d5596 00104070aBRCAbBRCAd2011-03-18iG59l0oNK7485 .B63 1908 (G59)p6346r2019-03-22 00:00:00w2019-03-22yB